| 000 | 00662nam a2200229Ia 4500 | ||
|---|---|---|---|
| 001 | 19732 | ||
| 003 | DO-CoUTE | ||
| 005 | 20260204212620.0 | ||
| 008 | 220104s9999 dr 000 0 spa d | ||
| 020 | _a978-950-808-578-8 | ||
| 040 |
_aDO-CoUTE _bspa _cDO-CoUTE |
||
| 041 | 0 | _aspa | |
| 082 | _a374.012 P979a | ||
| 100 | 1 | _aPujato, Beatriz | |
| 245 | 1 | 0 | _aEl abc de la alfabetización: ?cómo enseñarnos a leer y a escribir? / Beatriz Pujato |
| 260 | _aSanta Fe, Argentina: Editorial Homo Sapiens | ||
| 300 | _a172 páginas | ||
| 650 | 4 | _aAlfabetización | |
| 942 |
_2ddc _cBK |
||
| 999 |
_c21252 _d21252 |
||